Handbook of sputter deposition technology : (Record no. 169677)

MARC details
000 -LEADER
fixed length control field 01159nam a2200325 a 4500
008 - FIXED-LENGTH DATA ELEMENTS--GENERAL INFORMATION
fixed length control field
020 ## - INTERNATIONAL STANDARD BOOK NUMBER
International Standard Book Number 9781437734836 (hardback)
040 ## - CATALOGING SOURCE
Original cataloging agency NUST
Transcribing agency NUST
049 ## - LOCAL HOLDINGS (OCLC)
Holding library MAIN
090 ## - LOCALLY ASSIGNED LC-TYPE CALL NUMBER (OCLC); LOCAL CALL NUMBER (RLIN)
Classification number (OCLC) (R) ; Classification number, CALL (RLIN) (NR) REF TS695
Local cutter number (OCLC) ; Book number/undivided call number, CALL (RLIN) HAN
003 - CONTROL NUMBER IDENTIFIER
control field
005 - DATE AND TIME OF LATEST TRANSACTION
control field 20230123141220.0
245 10 - TITLE STATEMENT
Title Handbook of sputter deposition technology :
Remainder of title fundamentals and applications for functional thin films, nanomaterials, and MEMS/
Statement of responsibility, etc. edited by Kiyotaka Wasa ; Isaku Kanno & Hidetoshi Kotera.
250 ## - EDITION STATEMENT
Edition statement Second edition.
260 ## - PUBLICATION, DISTRIBUTION, ETC.
Place of publication, distribution, etc. Waltham, U.S.A :
Name of publisher, distributor, etc. William Andrew,
Date of publication, distribution, etc. 24 cm.
300 ## - PHYSICAL DESCRIPTION
Extent xii, 644 pages :
Other physical details illustrations ;
Dimensions 24 cm.
336 ## - CONTENT TYPE
Content type term text
Content type code txt
Source rdacontent
337 ## - MEDIA TYPE
Media type term unmediated
Media type code n
Source rdamedia
338 ## - CARRIER TYPE
Carrier type term volume
Carrier type code nc
Source rdacarrier
500 ## - GENERAL NOTE
General note Includes index.
650 #1 - SUBJECT ADDED ENTRY--TOPICAL TERM
Topical term or geographic name entry element Cathode sputtering (plating process).
650 ## - SUBJECT ADDED ENTRY--TOPICAL TERM
Topical term or geographic name entry element Thin films.
650 ## - SUBJECT ADDED ENTRY--TOPICAL TERM
Topical term or geographic name entry element Microelectromechanical systems.
650 ## - SUBJECT ADDED ENTRY--TOPICAL TERM
Topical term or geographic name entry element Nanostructured materials.
700 ## - ADDED ENTRY--PERSONAL NAME
Personal name Wasa, Kiyotaka.,
-- editor.
700 ## - ADDED ENTRY--PERSONAL NAME
Personal name Kanno, Isaku.,
-- editor.
700 ## - ADDED ENTRY--PERSONAL NAME
Personal name Kotera, Hidetoshi.,
-- editor.
907 ## - LOCAL DATA ELEMENT G, LDG (RLIN)
a .b10403474
b 19-10-21
c 03-06-21
942 ## - ADDED ENTRY ELEMENTS (KOHA)
Koha item type Ordinary Loan Books
Call number prefix REF TS695
Call number suffix HAN
Holdings
Date last seen Total Checkouts Full call number Barcode Cost, replacement price Price effective from Koha item type Lost status Source of classification or shelving scheme Damaged status Not for loan Collection Withdrawn status Home library Current library Shelving location Date acquired Cost, normal purchase price
01/23/2023   REF TS695 HAN 922004048272 80.00 01/23/2023 BOOKS   LCC     NFIC   MAIN MAIN GEN 01/23/2023 80.00